Central Library OPAC University of Rajshahi

Molecular magnetism / (Record no. 67825)

MARC details
000 -LEADER
fixed length control field 00614nam a2200229 a 4500
001 - CONTROL NUMBER
control field 67825
003 - CONTROL NUMBER IDENTIFIER
rucl marc code BD-RjUL
005 - DATE AND TIME OF LATEST TRANSACTION
control field 20211209081710.0
008 - FIXED-LENGTH DATA ELEMENTS--GENERAL INFORMATION
fixed length control field 170329s1929 xx a 001 0 eng d
035 ## - SYSTEM CONTROL NUMBER
System control number (BD-RjUL) 68034
040 ## - CATALOGING SOURCE
Original cataloging agency DLC
Transcribing agency OTU
Modifying agency BD-RjU
Language of cataloging eng
041 ## - LANGUAGE CODE
Language code of text/sound track or separate title eng
082 ## - DEWEY DECIMAL CLASSIFICATION NUMBER
Edition number 23
Classification number 538
Author mark and year PEM 1929
100 1# - MAIN ENTRY--PERSONAL NAME
Personal name Peddie, William,
Dates associated with a name 1861-
9 (RLIN) 201074
245 10 - TITLE STATEMENT
Title Molecular magnetism /
Statement of responsibility, etc. by W. Peddie
260 ## - PUBLICATION, DISTRIBUTION, ETC. (IMPRINT)
Place of publication, distribution, etc. London :
Name of publisher, distributor, etc. E. Arnold & co.,
Date of publication, distribution, etc. 1929.
300 ## - PHYSICAL DESCRIPTION
Pagination viii, 140 p. :
Illustrations ill. ;
Size 22 cm.
500 ## - GENERAL NOTE
General note Includes Index.
650 #0 - SUBJECT ADDED ENTRY--TOPICAL TERM
Topical term or geographic name as entry element Magnetism.
9 (RLIN) 201075
942 ## - ADDED ENTRY ELEMENTS (KOHA)
Source of classification or shelving scheme Dewey Decimal Classification
Koha item type Books
Holdings
Lost status Source of classification or shelving scheme Damaged status Not for loan Collection code Permanent Location Current Location Shelving location Date acquired Source of acquisition Total Checkouts Full call number Date last seen Copy number Koha item type
  Dewey Decimal Classification   Not For Loan Non-fiction Central Library, University of Rajshahi Central Library, University of Rajshahi Reading Room 11/03/1961 Colombo Plan U.K.   538 PEM 1929 29/03/2017 C-1 Books